000 00973nam a2200277Ma 4500
001 ocn693659226
003 TZ-ArACH
005 20101220165426.0
008 101008s2010 be b 001 0 fre d
020 _a9782872099900
020 _a2872099905
035 _a(OCoLC)693659226
040 _aGXR
_cTZ-ArACH
041 _afre
049 _aTZAA
050 4 _aKZ6471
_b.B86
100 1 _aBula-Bula, Sayeman.
_9407
245 1 0 _aDroit international humanitaire /
_cBula-Bula Sayeman.
260 _aLouvain-la-Neuve :
_bAcademia-Bruylant,
_c[2010]
300 _a402 p. ;
_c25 cm.
504 _aIncludes bibliographical references and index.
650 0 _aHumanitarian law.
_9408
942 _2lcc
_cBOOK
999 _c1120
_d1120